000 00720nam a2200241Ii 4500
003 JO-AjNU
008 230605s9999||||xx |||||||||||||| ||und||
017 _a1992/8003
020 _a977-5344-27-7
040 _aJO-AjNU
_bara
_erda
_cJO-AjNU
041 _aara
050 1 4 _aPJ7541.A8332 1992
100 3 _aعصفور، جابر,
_eauthor
_938952
245 0 0 _aقراءة التراث النقدي
250 _aط1
264 3 1 _aالكويت: دار سعاد الصباح، 1992
300 _a381ص
336 _atext
_btxt
_2rdacontent
337 _aunmediated
_bn
_2rdamedia
338 _avolume
_bnc
_2rdacarrier
490 0 _aدراسات نقدية ن
650 4 _aالأدب العربي - نقد
_938953
999 _aA16410
_c19978
_d19978